Google Letters: North American Countries - Statistics

General Stats
  • This quiz has been taken 485 times
  • The average score is 22 of 23
Answer Stats
Country # of Letters % Correct
Bahamas 7
98%
Antigua & Barbuda 9
98%
Cuba 3
97%
Belize 4
97%
Canada 4
97%
Barbados 5
97%
Costa Rica 5
97%
Dominica 8
96%
Mexico 3
95%
Grenada 4
95%
Guatemala 4
95%
Haiti 4
95%
Honduras 5
95%
Dominican Republic 6
95%
El Salvador 3
94%
Jamaica 4
94%
Nicaragua 4
94%
Panama 4
94%
St. Kitts & Nevis 10
93%
St. Lucia 7
93%
Trinidad & Tobago 8
92%
St. Vincent & Grenadines 13
91%
United States 7
91%
No matching quizzes found
Score Distribution
Percent of People with Each Score
Percentile by Number Answered
Your Score History
You have not taken this quiz